Brother Louie by Modern Talking lyrics - Statistics

General Stats
  • This quiz has been taken 77 times
  • The average score is 202 of 280
Answer Stats
Answer % Correct
Brother
100%
Louie,
100%
Louie
100%
Louie.
100%
You
91%
A
88%
Love
88%
Love,
88%
Me.
88%
Me
88%
Me,
88%
On
88%
She
88%
Looking
84%
Only
84%
To
84%
He
81%
It
81%
Is
79%
Oh,
79%
Oh
79%
Your
79%
I'm
77%
She's
77%
Can
74%
In
72%
Can't
70%
'Cause
70%
Go
70%
Heart,
70%
Heart
70%
See,
67%
Undercover
67%
Undercover.
67%
Let
65%
No
65%
Burning
63%
Fire
63%
Leave
63%
Lover
63%
So
63%
The
63%
You're
63%
Good,
60%
Breaks
58%
Free
58%
Free,
58%
It's
58%
Paradise,
58%
Paradise
58%
Don't
56%
Easy,
56%
Easy
56%
Set
56%
Stay,
53%
Stay
53%
Steal
53%
From
51%
Girl,
51%
Girl
51%
Her
51%
Then
51%
Ever
49%
Forever
49%
Forever,
49%
Love's
49%
Why
49%
Flames
47%
Take
47%
Grow
44%
Live
44%
What
44%
Doing
42%
Higher
42%
He's
40%
Him
40%
This
40%
We
40%
Babe,
37%
Babe?
37%
Dear,
37%
Last
35%
Game
33%
More
33%
Than
33%
Together?
33%
Cannot
30%
Does
30%
Handle
30%
His
30%
Try,
30%
By
26%
Pretending
26%
That
26%
Gamble
23%
Come
21%
And
19%
Never-Ending,
19%
Wants
19%
Boy
16%
No matching quizzes found
Score Distribution
Percent of People with Each Score
Percentile by Number Answered
Your Score History
You have not taken this quiz